El Camino Fâcil a Corel DRAW! 6 / Antonio Lirola Terrez (Registro nro. 13400)
[ vista simple ]
| 000 -LÍDER | |
|---|---|
| fixed length control field | 00527nam a2200169 4500 |
| 008 - ELEMENTOS DE LONGITUD FIJA -- INFORMACIÓN GENERAL | |
| fixed length control field | 0 1996 0a 000 0ESP |
| 020 ## - NÚMERO INTERNACIONAL NORMALIZADO PARA LIBROS | |
| ISBN | 84-481-0643-1 |
| 050 ## - SIGNATURA TOPOGRAFICA DE LA BIBLIOTECA DEL CONGRESO (LC) | |
| Número de Clasificación | T385 L57 |
| 082 ## - NUMERO DE CLASIFICACION DECIMAL DEWEY | |
| Número de Clasificación | 001.642 502 02 L 215e |
| 100 ## - ASIENTO PRINCIPAL--NOMBRE PERSONAL | |
| Nombre personal | Lirola Terrez, Antonio |
| 245 ## - TÍTULO | |
| Título | El Camino Fâcil a Corel DRAW! 6 / Antonio Lirola Terrez |
| 260 ## - PUBLICACIÓN, DISTRIBUCIÓN, ETC. (PIE DE IMPRENTA) | |
| Lugar de publicación, distribución, etc. | ESPAÑA : McGraw-Hill Interamericana |
| 300 ## - DESCRIPCIÓN FÍSICA | |
| Extensión | 187 p. |
| 440 ## - | |
| -- | Enter |
| 500 ## - NOTA GENERAL | |
| Nota general | Indice |
| 650 ## - ASIENTO SECUNDARIO DE MATERIA - TERMINO TEMÁTICO | |
| Término temático o nombre geográfico como elemento de entrada | 1.GRÂFICAS POR COMPUTADORA 2.COREL DRAW ( PROGRAMA PARA COMPUTADORA ) |
| No. biblioteca | No. biblioteca | Número de clasificación | Código de barras/Número de adquisición | Número de copia | Tipo de material |
|---|---|---|---|---|---|
| LUIS G. INCLAN | LUIS G. INCLAN | 001.642 502 02 L 215e | 28958 | 1 | Libros |
